|
|
|
|
| LEADER |
01528nam a2200337 a 4500 |
| 001 |
0017010 |
| 003 |
BD-DhAAL |
| 008 |
090822s2006 nyua 000 0 eng d |
| 010 |
|
|
|a 2004065481
|
| 020 |
|
|
|a 9780194302104 (student book )
|
| 020 |
|
|
|a 0194302105 (student book)
|
| 020 |
|
|
|a 9780194302098(student book with CD)
|
| 020 |
|
|
|a 0194302091(student book with CD)
|
| 040 |
|
|
|a DLC
|c DLC
|d DLC
|d BD-DhAAL
|
| 082 |
0 |
0 |
|a 428.34
|2 22
|
| 100 |
1 |
|
|a Richards, Jack C.
|
| 245 |
1 |
0 |
|a Person to person :
|b communicative speaking and listening skills /
|c Jack C. Richards
|
| 250 |
|
|
|a Third edition.
|
| 260 |
|
|
|a New York :
|b Oxford,
|c 2006.
|
| 300 |
|
|
|a v, 122 p. :
|b ill. (some col.) ;
|c 28 cm
|
| 505 |
0 |
|
|a Student book 1 -- Student book 2.
|
| 526 |
|
|
|a CFL, BRACU
|x Md. Golam Jamil,
Faculty member of the Centre for Languages (CfL)
|
| 541 |
1 |
|
|e 00017010
|a Karim International
|
| 650 |
|
0 |
|a English language
|v Textbooks for foreign speakers.
|
| 650 |
|
0 |
|a English language
|x Spoken English
|v Problems, exercises, etc.
|9 1938
|
| 650 |
|
0 |
|a Oral communication
|v Problems, exercises, etc.
|9 58410
|
| 650 |
|
0 |
|a Listening
|v Problems, exercises, etc.
|9 1939
|
| 852 |
4 |
|
|a Ayesha Abed Library
|c General Stacks
|
| 942 |
|
|
|2 ddc
|c BK
|
| 999 |
|
|
|c 3311
|d 3311
|
| 952 |
|
|
|0 0
|1 0
|2 ddc
|4 0
|6 428_340000000000000_RIC_2006
|7 0
|9 3002
|a BRACUL
|b BRACUL
|c GEN
|d 2009-08-31
|e Karim International
|g 1400.00
|l 6
|m 11
|o 428.34 RIC
|p 3010017010
|r 2020-01-11
|s 2019-10-20
|t 1
|w 2009-08-31
|y BK
|x Requisitioned by Md. Golam Jamil (Faculty member of the Centre for Languages (CfL))
|